[Event "Prague Masters 1st"]
[Site "Prague"]
[Date "2019.03.08"]
[Round "3.1"]
[White "Gelfand, Boris"]
[Black "Shankland, Samuel L"]
[Result "1-0"]
[WhiteElo "2655"]
[BlackElo "2731"]
[Annotator "Gelfand,B"]
[PlyCount "117"]
[EventDate "2019.03.06"]
[EventType "tourn"]
[EventRounds "9"]
[EventCountry "CZE"]
[EventCategory "19"]
[SourceTitle "CBM 189"]
[Source "ChessBase"]
[SourceDate "2019.04.29"]
[SourceVersion "1"]
[SourceVersionDate "2019.04.29"]
[SourceQuality "1"]

{I was very happy to take part in the first Prague International Tournament
which was organized by my friends from Novy Bor Chess Club. It was a perfectly
run event and we all hope it will become a traditional tournament! I had a
tough start with 0.5/2 in the first two Black games. And I was really glad to
finally play White against the US champion. Sam is a student of my co-author
Jacob Aagaard, so I can follow his progress closely. It was the first time I
had a chance to play against him.} 1. d4 d5 2. c4 c6 3. Nf3 Nf6 4. e3 Bf5 5.
Nc3 a6 {A very popular setup nowadays. White has a wide choice. At the Batumi
Olympiad I overpressed and lost a very interesting game vs Nils Grandelius
after 6.Qb3, so this time I decided to play another idea.} 6. Ne5 (6. Qb3) 6...
Nbd7 7. Qb3 Qc7 8. cxd5 Nxe5 9. dxe5 Nxd5 10. Nxd5 cxd5 11. Bd2 Qxe5 {For
quite a long time Black players were defending a very passive position after} (
11... e6 12. Rc1 Qd7 {, but then they found a more ambitious try.}) 12. Rc1 Bd7
13. Qb6 $5 {A new idea, which was shown to me by the world rapid champion
Daniil Dubov. As usual in the 21st century, it doesn't refute Black's setup
but poses new problems. Black has a rather wide choice and I am sure that the
new games will follow, so I would skip publishing our opening analysis in
these notes.} (13. Bc3 Qc7 14. Qxd5 Bc6 {Black is close to full equality.})
13... Qd6 {The most natural reply.} 14. Qxb7 Rb8 15. Qa7 Rxb2 16. Bxa6 f6 {
One of the possible moves. Here I couldn't recall my analysis correctly, so I
spent quite some time on my next move.} 17. a4 (17. Bd3 {was an alternative
option, but I decided on the most forcing move.}) 17... Bxa4 18. Bc3 Rb8 {
The move I had expected, but as the engine points out stronger was} (18... Rb3
$1 19. O-O Bb5 ({or} 19... Qb8 20. Qd4 Bb5 21. Bxb5+ Rxb5) 20. Bxb5+ (20. Qa8+
Kf7 21. Bxb5 Rxb5 22. Rb1 Qd7) 20... Rxb5 21. Rb1 Qc6 {Black will be able to
develop his pieces, and all White can achieve is to get his pawn back, with a
draw.}) (18... Rb6 $6 19. Be2 Bd7 20. O-O Qb8 21. Qa2 e6 22. Bh5+ g6 23. Bxf6
$16) 19. Bd3 {I made this move immediately, but the engine points out a better
try.} (19. Bb7 $5 Bb5 {and White has a choice between} 20. Rb1 (20. f4 Kf7 21.
Kf2 Re8 {Black needs to develop his pieces at any cost!} (21... e6 22. Rb1) 22.
Rhd1 e6 23. Bxd5+ Re7 24. Qa5 exd5 25. Qxb5 Qd7 $1 26. Qb3 Qb7 27. Qxd5+ Qxd5
28. Rxd5 Rb7 {Now White has an extra pawn, but I believe that a draw is the
most likely outcome.}) 20... Qc7 $1 21. Bc6+ $1 Qxc6 22. Qxb8+ Kf7 23. Qxb5
Qxc3+ 24. Kf1 e6 25. g3 Be7 26. Kg2 {At this point an engine shows even higher
numbers for White, but still I believe that Black has good drawing chances
here as well.}) 19... Bc6 20. O-O Ra8 21. Qb6 Rb8 22. Qa6 Ra8 23. Qb6 Rb8 24.
Qa6 Ra8 25. Bb4 $1 {I pinned my hopes on this nice finesse.} Rxa6 26. Bxd6 Rb6
$6 ({Right after the game Nikita Vitiugov suggested the following beautiful
idea. Indeed, it allows Black to equalize, but only with very precise play.} 
26... Bb7 $1 27. Bb4 (27. Bg3 Rb6 28. Rb1 Rxb1 29. Rxb1 Bc6 30. Bf5 Kf7 31. Rb6
g6 32. Bc8 Be8 33. Be6+ Kg7 34. Bxd5 Bf7 $11) 27... Rb6 28. Bc5 (28. Ba5 Rb3
29. Bf5 Kf7 30. Rb1 Rxb1 31. Rxb1 g6 32. Bd7 Ba8 33. Rb6 Bh6 $1 34. Be6+ Kg7
$11) 28... Rb2 29. Bd4 Rb3 30. Bc2 Rb4 31. Rb1 Rxb1 32. Rxb1 Bc6) 27. Rxc6 Rxc6
28. Bb5 exd6 (28... Kd7 29. Rc1) 29. Bxc6+ Kf7 30. Bxd5+ Kg6 31. Rb1 {We got
into the ending with equal material and all the pawns being on one side, which
suggests strong drawing tendencies.However, I was optimistic about my chances.
White's bishop is much stronger than its counterpart, and Black's king is not
comfortably placed, so I decided to attack it.} Be7 32. Rb7 Rc8 {An important
trick allowing Black to finally develop his rook.} 33. g4 $1 Bd8 34. Be6 Rc1+
35. Kg2 Bc7 36. Ra7 {I am trying to build a mating net around his king.} h5 ({
I believe Black had to try to bring his king to g7 with} 36... Rc5 $5 37. Bf5+
(37. h4 h5) 37... Kh6 38. h4 g6 39. Be6 Kg7 40. Ra8 Re5 $14) (36... Kh6 37. h4
g6 38. Ra8 {doesn't allow to do so.}) 37. h3 ({Better was} 37. gxh5+ $1 Kxh5
38. Ra8 Kg6 39. h4 Rc5 (39... Kh7 40. Rf8 Rc5 41. e4) 40. Rh8 $1 f5 (40... Re5
$5 41. h5+ Rxh5 42. Bf7+ Kxf7 43. Rxh5 Bb6 44. Rb5 Bc5 {with a likely fortress.
}) 41. Rf8 Ba5 42. f4 Kh7 43. Bxf5+ g6 44. Rf7+ Kh6 45. Bg4 {with an extra
pawn and winning chances.}) 37... hxg4 38. hxg4 Kh7 (38... Rc5 $5 39. f4 Rc3) (
{Probably the most resolute decision would be a pawn sacrifice:} 38... d5 39.
Bxd5 f5 40. Ra6+ Kg5 41. gxf5 Kxf5 {There is very little material on the board,
so it is unlikely that White would squeeze more than rook + bishop vs rook
ending.}) 39. Ra8 Bb6 40. Rb8 $6 (40. Rf8 $1 {will win a pawn in a favorable
sircumstances.} Rc7 41. Bd5 Re7 42. Ba2 Bxe3 $5 (42... g5 43. Rxf6) 43. fxe3
Rxe3 44. Kf2 Ra3 45. Be6 d5 46. Bxd5 Kg6 47. Be6 {and it is not clear if Black
would be able to trade f and g pawns against White's remaining pawn.}) 40...
Ba5 41. Rf8 Rc7 $6 ({Better was} 41... Bc3 {being ready to play g7-g6 when
necessary.}) 42. Bg8+ Kh6 (42... Kg6 43. Bd5 $1 Re7 44. Bc4 {and Black is in
trouble.}) 43. Bd5 ({The engine indicated a smart idea to build a mating net
with} 43. Ba2 Rb7 (43... Rc1 44. Bd5 {and the bishop gets to the b1-h7
diagonal.}) 44. Rh8+ Kg6 45. Rh5 $1 Be1 $1 {The only chance.} 46. Bd5 Rb2 (
46... Re7 47. f4) 47. Kf1 Bxf2 48. Be4+ Kf7 49. Rh2 Rb4 50. Bd5+ Kg6 51. Kxf2
Rxg4 52. Rh8 {and I would rate White's winning chances pretty highly.}) 43...
Re7 44. Rh8+ (44. f4 g6 $1 45. Rxf6 Kg7 46. Rxd6 Rxe3 {looked very drawish to
me.}) 44... Kg6 45. f4 f5 46. gxf5+ Kxf5 47. Kf3 Kg6 ({I was not sure if I had
any real chances after the pawn sac} 47... g5 48. e4+ Kf6 49. Rf8+ Kg7 50. Rg8+
Kh6 51. Rxg5 Rg7 52. Rf5 Be1) 48. e4 Rd7 ({More natural and active was} 48...
Rc7 49. Rf8 Kh6 50. Kg4 g6) 49. Ra8 Bb6 50. Kg4 ({Probably White could get
rook + bishop vs rook by} 50. Ra6 Bc5 51. Rc6 (51. e5 Kf5 52. e6 Re7 53. Ra8
Bd4 $1) 51... Ra7 52. e5 Kf5 53. exd6 Ra3+ 54. Kg2 Bxd6 55. Rxd6 Kxf4) 50...
Rd8 51. Ra6 Rb8 52. e5 dxe5 53. fxe5 {It is a dead draw already, but I kept on
trying.} Kh7 (53... Kh6) 54. e6 Bd8 (54... Bc5) 55. Ra7 Bf6 56. Be4+ Kg8 (56...
Kh6 {leads to an easy draw.}) 57. e7 Kf7 $4 {Just a blunder.} (57... Bxe7 58.
Rxe7 {will leave White with minimal practical chances in the rook + bishop vs
rook endgame. I held a similar position in the match vs Victor Laznicka.}) 58.
Bd5+ Kg6 59. e8=Q+ 1-0

[Event "Chalkidiki Nikiti"]
[Site "Chalkidiki"]
[Date "1993.??.??"]
[Round "2"]
[White "Gelfand, Boris"]
[Black "Shirov, Alexei"]
[Result "1/2-1/2"]
[WhiteElo "2670"]
[BlackElo "2685"]
[Annotator "Gelfand,B"]
[PlyCount "56"]
[EventDate "1993.09.??"]
[EventType "match"]
[EventRounds "2"]
[EventCountry "GRE"]
[SourceTitle "CBM 038"]
[Source "ChessBase"]
[SourceDate "1994.02.01"]
[SourceVersion "1"]
[SourceVersionDate "1994.02.01"]
[SourceQuality "1"]

1. d4 d5 2. c4 c6 3. Nc3 Nf6 4. Nf3 a6 5. c5 g6 6. Bf4 Nh5 (6... Bg7 7. h3 O-O
8. e3 Nbd7 9. Be2 Ne8 10. O-O Nc7 11. b4 Re8 12. Qd2 e5 13. Nxe5 Nxe5 14. Bxe5
Bxe5 15. dxe5 a5 16. a3 Rxe5 17. e4 axb4 18. axb4 Rxa1 19. Rxa1 Qf6 20. Rd1
dxe4 21. Qd8+ Qxd8 22. Rxd8+ Re8 23. Rxe8+ Nxe8 24. Nxe4 $14 {Shirov,A-Bologan,
V/BRD/1993/}) 7. Be5 $1 (7. Bg5) 7... f6 8. Bg3 Bg7 (8... e5 $5 9. e4 $1 $13)
9. e4 Nxg3 $2 (9... dxe4 10. Nxe4 Be6 $14) 10. hxg3 dxe4 11. Nxe4 Be6 12. Qc2
Qa5+ $1 (12... Bd5 13. Bc4 $1 $16) 13. Nc3 (13. Qc3 Qxc3+ 14. bxc3 Nd7 15. Rb1
Rb8 $10) (13. Ned2 Nd7 14. Bc4 $13) (13. Nfd2 $1 Nd7 14. Bc4 Bf5 15. a3 $16)
13... Bf7 14. O-O-O b6 $1 15. Nd2 (15. cxb6 Nd7 (15... Qxb6 16. Na4 Qb4 17. Nc5
$16) 16. Na4 $1 Rb8 17. a3 O-O 18. b4 Qd5 19. Bxa6 Nxb6 20. Nc5 $16) 15... b5 (
15... bxc5 16. Nb3 Bxb3 17. Qxb3 cxd4 18. Rxh7 $5 $40) 16. f4 $6 (16. Bd3 Nd7
17. Rh4 f5 $1 18. Rdh1 Nf6 $13) (16. Nb3 Qc7 17. Be2 Nd7 18. Bf3 {/\ d5+/-})
16... Nd7 17. Bd3 f5 18. Nf3 Rb8 19. Kb1 b4 (19... Bf6 $5 {/\ Kf8-g7}) 20. Qa4
Qxa4 21. Nxa4 Bd5 22. Bc2 (22. Rhe1 $1 e6 (22... Bxf3 23. gxf3 Bxd4 24. Bxf5
gxf5 25. Rxd4 Rg8 26. Rd6 $1 $16) (22... a5 23. Bc2 Nf6 24. Ng5 h6 25. Ne6 Ne4
26. Nxg7+ Kf7 27. Nxf5 gxf5 28. g4 $1 $16) 23. b3 Kf7 24. Bc4 $16) 22... Bxf3
$1 23. gxf3 e6 24. Rhe1 Kf7 25. Bb3 Rhe8 26. Re2 Re7 27. Nb6 (27. Rde1 Rbe8 28.
Nb6 Nxb6 29. cxb6 Bxd4 30. b7 Rxb7 31. Rxe6 Rxe6 32. Rxe6 Kg7 33. Rxc6 h5 $1 {
xg3}) (27. Kc2 Nf6 28. Rde1 Rbe8 29. Nb6 Nh5 30. Nc8 $5 Nxg3 $1 (30... Rxc8 31.
Rxe6 $18) 31. Nd6+ Kf8 32. Rg2 Nh5 33. Nxe8 Rxe8 $13) 27... Nxb6 28. cxb6 Rxb6
(28... Rxb6 29. Rde1 Bxd4 30. Rxe6 Rxe6 31. Rxe6 Kf8 32. g4 $10) 1/2-1/2

[Event "Budapest Hunguest Hotels"]
[Site "Budapest"]
[Date "2003.04.18"]
[Round "7"]
[White "Gelfand, Boris"]
[Black "Acs, Peter"]
[Result "1-0"]
[WhiteElo "2700"]
[BlackElo "2600"]
[Annotator "Gelfand,B"]
[PlyCount "57"]
[EventDate "2003.04.11"]
[EventType "tourn"]
[EventRounds "9"]
[EventCountry "HUN"]
[EventCategory "17"]
[SourceTitle "CBM 095"]
[Source "ChessBase"]
[SourceDate "2003.07.25"]
[SourceVersion "1"]
[SourceVersionDate "2003.07.25"]
[SourceQuality "1"]

1. d4 {Ftacnik} d5 2. c4 c6 3. Nc3 Nf6 4. e3 a6 5. Nf3 b5 6. b3 Bg4 7. Be2 Nbd7
8. O-O e6 9. h3 Bf5 10. Bd3 Bb4 $5 {Ftacnik: 'Black does not experience any
problems with the piece development, even the white squared bishop sits on a
great square. The only real minus is the weakness of the square c6 after the
move b7-b5.'} 11. Bb2 Bxd3 12. Qxd3 O-O 13. Rfc1 (13. cxd5 cxd5 14. a4 bxa4 15.
Rxa4 Qb6) (13. a4 bxc4 14. bxc4 Qa5) 13... Bd6 (13... dxc4 14. bxc4 bxc4 (14...
Nb6 15. Nd2) 15. Qxc4 $14) (13... Rc8 {Ftacnik} 14. Rc2 (14. a4 dxc4 15. bxc4
Nc5 16. Qd1 Bxc3 17. Bxc3 Nxa4 18. Bb4 Re8 19. Qb3 $11) (14. cxb5 cxb5 15. a4
bxa4 16. Rxa4 a5 17. Ba3 Nb6 18. Bxb4 Nxa4 19. Bxf8 Nxc3 20. Rxc3 Qxf8 $11) (
14. a3 Bd6 15. c5 Bc7 16. b4 Ra8 17. a4 $36) 14... dxc4 15. bxc4 Nb6 16. Nd2
$13) 14. Rc2 $1 (14. a4 $5 dxc4 $140 15. bxc4 b4 16. Ne4 $36) 14... Rc8 (14...
dxc4 15. bxc4 bxc4 16. Qxc4 c5 (16... Nb6 17. Qe2 c5) 17. Rd1 $14) (14... bxc4
$5 15. bxc4 Qa5) 15. Rac1 dxc4 $5 {Ftacnik: 'This exchange represents a
positional concession, but solving the question of white's pressure along the
c file is not at all easy.'} (15... Qa5 $2 16. cxd5 cxd5 17. Nxd5 $1) (15...
bxc4 {Ftacnik} 16. bxc4 c5 17. Na4 cxd4 18. c5 $14) 16. bxc4 b4 (16... Nb6 17.
Nd2) 17. Ne4 Nxe4 18. Qxe4 Qa5 (18... c5 19. Rd2 Nf6 20. Qh4 $36) (18... Be7 {
Ftacnik} 19. c5 Qc7 20. Qd3 a5 21. e4 Rfd8 22. Qe3 $13) 19. Nd2 (19. d5 cxd5
20. cxd5 (20. Qg4 g6 21. cxd5 Rxc2 22. Rxc2 Qxa2 $1) 20... Rxc2 21. Qxc2 exd5
22. Qc6 Qxa2 $1 23. Bxg7 (23. Bd4 b3) 23... Kxg7 24. Qxd6 b3 $11) (19. c5 Be7 (
19... Bb8 20. d5 $1 cxd5 21. Qg4 g6 22. c6)) (19. Qd3 $5 Rfd8 20. e4 $14) 19...
Qh5 (19... Qf5 20. Qxf5 exf5 21. c5 Bc7 22. Nc4 $14) (19... c5 20. Qd3 (20. d5
e5 21. Qf5 Qc7) (20. dxc5 $5)) 20. c5 (20. Qd3 Qg6 (20... Rfd8 21. c5 Nxc5 22.
Qc4 Na4 23. Qxa6) (20... a5 21. c5 Bc7 {-game}) 21. Qxg6 hxg6 $14) 20... Bc7 (
20... Be7 21. Qd3) 21. Qd3 a5 22. Qa6 $5 (22. e4 Bf4 (22... Qg6 23. Nc4) (22...
Rfd8 23. Qe3)) 22... f5 $1 $132 {'?!' Ftacnik.} (22... Rfd8 {Ftacnik} 23. Kf1 (
23. e4 Nf6 24. f3 Qg5 25. Nc4 Qf4 $11) 23... Nb8 24. Qb7 Qd5 $11) 23. Nc4 Nb8
24. Qb7 (24. Qa7 Rf7) 24... f4 $2 (24... Qf7 $1 25. f4 g5 (25... Rce8 26. Nd6 (
26. a3 Re7 27. Qa8 bxa3 28. Bxa3 Bxf4 29. Qxa5 Bc7) 26... Bxd6 27. Qxf7+ Rxf7
28. cxd6 Rd8 29. Rc5 Ra7 (29... a4 30. Rb1) 30. g4 g6 $13) 26. Nd6 Bxd6 27.
Qxf7+ Rxf7 (27... Kxf7 28. cxd6 gxf4 29. exf4) 28. cxd6 gxf4 29. exf4 Rd8 30.
Rc5 Ra7 31. g4 $132) 25. exf4 $2 {Ftacnik: 'It is a bit peculiar that both
very strong players are blindly overlooking the magnificient move 25.d5!! with
a huge advantage for white. '} (25. d5 $1 $18 f3 (25... exd5 26. Nd6) 26. d6
fxg2 27. f4 Qxh3 28. Rxg2) 25... Bxf4 26. Re1 Bc7 (26... Rc7 27. Qb6 Nd7 28.
Qxa5 $16) 27. d5 $1 exd5 $2 $138 {Ftacnik: 'Acs was out of luck in this game,
much tougher resistance was possible after the correct intermediate move 27...
Qg6!'} (27... Qg6 $142 28. Rce2 exd5 29. Nb6 $1 (29. Re7 dxc4 $1 30. Rxg7+ Qxg7
31. Bxg7 Kxg7 32. Re7+ Kg8 33. Rxc7 Rxc7 34. Qxc7 c3 $132) 29... Bxb6 (29...
Qf7 30. Nxc8 Bh2+ 31. Kxh2 Qxb7 32. Re7 $18) 30. cxb6 Qf7 31. Qxf7+ Rxf7 32.
Re8+ Rxe8 (32... Rf8 33. Rxc8 Rxc8 34. Re7) 33. Rxe8+ Rf8 34. Re7 Rf7 35. Rc7
$16) 28. Nd6 Qg6 29. Re7 $1 (29. Re7 Qxc2 30. Rxg7+ Kh8 31. Nf7+) 1-0

[Event "Chalkidiki Afitos"]
[Site "Chalkidiki"]
[Date "1993.??.??"]
[Round "1"]
[White "Gelfand, Boris"]
[Black "Shirov, Alexei"]
[Result "1-0"]
[WhiteElo "2670"]
[BlackElo "2685"]
[Annotator "Gelfand,B"]
[PlyCount "77"]
[EventDate "1993.09.??"]
[EventType "tourn"]
[EventRounds "6"]
[EventCountry "GRE"]
[EventCategory "16"]
[SourceTitle "CBM 038"]
[Source "ChessBase"]
[SourceDate "1994.02.01"]
[SourceVersion "1"]
[SourceVersionDate "1994.02.01"]
[SourceQuality "1"]

1. d4 d5 2. c4 c6 3. Nc3 Nf6 4. Nf3 a6 5. Ne5 Nbd7 6. cxd5 $5 $146 (6. g3) 6...
cxd5 (6... Nxe5 7. dxe5 Nxd5) 7. Bf4 e6 8. e3 b5 9. Bd3 Bb7 10. O-O Be7 11. a4
b4 12. Na2 (12. Ne2 $5 Rc8 13. a5 O-O 14. Nc1 Nxe5 15. Bxe5 Ne4 16. Nb3 $14 {
Huebner,R-Pieper Emden/1991/}) 12... O-O 13. Nc1 Nxe5 14. dxe5 (14. Bxe5 $5)
14... Nd7 (14... Ne4 $5) 15. Nb3 Rc8 (15... Nc5 $2 16. Nxc5 Bxc5 17. Bxh7+ Kxh7
18. Qc2+ $16) 16. Qe2 (16. a5 Nc5 {xa5}) 16... Qb6 (16... a5 17. Nd4 Nc5 18.
Bb5 $14) 17. a5 (17. Rfc1 $5 $14) 17... Qa7 18. Rfc1 Qa8 $1 (18... Nc5 $2 19.
Nxc5 Rxc5 20. Rxc5 Bxc5 21. Qh5 g6 22. Qh4 $1 $16 {/\ Bg5}) 19. Qh5 (19. Bg3
Rxc1+ 20. Rxc1 Rc8 $10) 19... g6 20. Qg4 {/\ 21.h4} Rxc1+ 21. Rxc1 Rc8 22. Ra1
(22. Rxc8+ Qxc8 23. h4 h5 24. Qh3 (24. Qg3 Qd8 $1 25. Bg5 Bxg5 26. hxg5 Qc7 $17
) 24... Kg7 (24... Nc5 25. Nxc5 Qxc5 26. Qg3 {/\ Bg5|^}) 25. g4 Qh8 26. Bg3 $10
) 22... Qb8 (22... Nc5 $2 23. Nxc5 Rxc5 24. Bg5 $36) 23. Qg3 $5 (23. Qe2 Qa8 {
/\ Nc5} 24. Qg4 Qb8 $10) 23... Bd8 (23... Rc4 $5 {Shirov} 24. Bxc4 dxc4 25. Nd4
Nc5 $44) (23... Nc5 24. Nxc5 Rxc5 25. Bg5 $14) (23... Kg7 24. h4 h6 $13) 24.
Nd4 (24. h4 $5 Bc7 25. h5 Nxe5 26. Nc5 Nxd3 27. Nxd3 $44) 24... Nc5 (24... Rc5
25. Nxe6 fxe6 26. Bxg6 Qc8 27. Bc2+ Kf7 28. Bh6 $18) (24... Bc7 25. Nxe6 $1
fxe6 26. Bxg6 Nxe5 (26... Bxe5 27. Be8+ $18) 27. Bc2+ Kf7 28. Qh3 $44) 25. Bb1
(25. Bc2 b3 $1 $132) 25... Bxa5 $2 (25... Ne4 26. Bxe4 dxe4 27. h4 $16) (25...
Na4 26. h4 Rc1+ 27. Kh2 Nc5 28. h5 $40) (25... Kg7 $5 26. h4 (26. Bg5 Nd7 $17)
26... h6 $13) 26. h4 Bd8 27. h5 Qc7 28. Bh6 $1 (28. hxg6 hxg6 29. Bxg6 fxg6 30.
Qxg6+ Qg7 31. Qe8+ Qf8 $10) 28... Qe7 $2 (28... Ne4 29. Bxe4 dxe4 30. Bg5 Bxg5
31. Qxg5 Qd8 32. Qxd8+ Rxd8 33. h6 $1 $16) 29. hxg6 hxg6 30. Bxg6 fxg6 31.
Qxg6+ Kh8 32. Rc1 $1 Rc7 (32... Ne4 33. Rxc8 Bxc8 34. Nc6 $18) (32... Qh7 33.
Qe8+ Qg8 34. Qh5 Qh7 35. Rxc5 $1 Rxc5 36. Nxe6 Rc1+ 37. Kh2 {/\ 38.Qe8 Qg8 39.
Bg7} Bc6 38. Nxd8 $18) 33. f4 Qh7 (33... Bc8 34. Bg5 Qf8 35. Bf6+ Bxf6 36. exf6
Qg8 37. Qh5+ $1 (37. Qxg8+ Kxg8 38. Nb3 a5 $1 39. Rxc5 (39. Nxc5 a4 $132) 39...
Rxc5 40. Nxc5 Kf7 $16) 37... Qh7 38. f7 $1 $18) 34. Qe8+ Qg8 35. Bf8 (35. Qh5
Qh7 36. Rxc5 $1 Rxc5 37. Nxe6 $18) 35... Rf7 36. Qxd8 Nd3 37. Rc7 Rxc7 38. Qf6+
$1 Rg7 39. Nxe6 1-0

[Event "FRA-chT 9900"]
[Site "France"]
[Date "2000.03.31"]
[Round "5.1"]
[White "Gelfand, Boris"]
[Black "Georgiev, Kiril"]
[Result "1-0"]
[WhiteElo "2692"]
[BlackElo "2677"]
[Annotator "Gelfand,B"]
[PlyCount "81"]
[EventDate "1999.02.04"]
[EventType "team"]
[EventRounds "11"]
[EventCountry "FRA"]
[SourceTitle "CBM 077"]
[Source "ChessBase"]
[SourceDate "2000.07.27"]
[SourceVersion "1"]
[SourceVersionDate "2000.07.27"]
[SourceQuality "1"]

1. d4 d5 2. c4 c6 3. Nc3 Nf6 4. Nf3 a6 5. c5 Bf5 6. Bf4 Nbd7 7. e3 e6 8. Nd2
Be7 9. Be2 Qc8 (9... Bg6) (9... h6) 10. g4 $5 $146 (10. b4 Bd8 (10... Bg6 11.
g4 h6 12. Bg3 Bd8 13. a4 b6 14. a5 b5 15. Qb3 Bc7 16. O-O-O Qb7 17. f4 O-O-O
18. Rdf1 Kb8 19. Qd1 Rde8 20. Rhg1 Qc8 21. Qe1 Qd8 22. Bh4 Qc8 23. Kb2 Kb7 24.
Qf2 Qb8 25. Bg3 Re7 26. h3 {1/2-1/2 Lesiege,A-Slobodjan,R/Varadero CUB 2000/ 
(55)}) 11. f3 Bc7 12. Bxc7 Qxc7 13. e4 dxe4 14. fxe4 Bg6 15. O-O O-O 16. e5 Nd5
17. Nxd5 cxd5 18. Qb3 b6 19. Qc3 bxc5 20. bxc5 {1/2-1/2 Sakaev,K-Georgiev,K/
Vrnjacka Banja 1998}) 10... Bg6 11. g5 Ng8 (11... Ne4 12. Ncxe4 dxe4 13. Nc4)
12. h4 (12. e4 h6) 12... h6 $6 (12... e5 $142 $5 $132) 13. gxh6 $1 (13. Rg1
hxg5 14. hxg5 e5 $132 (14... Bd8 15. e4 Bc7 (15... e5 16. dxe5 d4 17. Na4) 16.
Bd6 $5 $36)) 13... Nxh6 14. h5 Nf5 (14... Bh7 15. Rg1) 15. Rg1 Bh7 16. Nf3 $1 {
xe5} Qd8 (16... Bf6 17. e4 dxe4 18. Nxe4) (16... Bd8 17. e4 (17. Bd3 Bc7) 17...
dxe4 18. Nxe4 Ba5+ 19. Kf1 $16) 17. Qb3 $1 (17. e4 $6 dxe4 18. Nxe4 Nf6 19.
Neg5 Bg8 {xd4,xh5}) 17... b6 18. cxb6 Qxb6 19. Qxb6 (19. Ne5 Qxb3 20. axb3 Nxe5
21. Bxe5 a5 22. Na4 $14 (22. h6 Nxh6 23. Rxg7 Bc2)) 19... Nxb6 20. Rc1 O-O (
20... c5 21. dxc5 Bxc5 22. Nxd5 Nxd5 23. Rxc5 Nxf4 24. exf4 $16) (20... f6 21.
Bc7 (21. e4 dxe4 22. Nxe4 Nd5 23. Bd2 Kf7 $1 (23... Kd7 24. Nc5+ Bxc5 25. Rxc5
$14) 24. Rxc6 Rhc8 $132) (21. Nb1 Kd7 22. Nbd2 a5 $132) 21... Nd7 (21... Bd8
22. Bxb6 Bxb6 23. Na4 $16) 22. e4 $1 (22. Na4 Kf7 $1 (22... Bb4+ 23. Kd1 (23.
Kf1 Rc8 24. Rxc6 Ne7 25. Bxa6 Ra8 26. Rxe6 Rxa6 $19)) 23. Rxc6 Rhc8 $132 24.
Kd2 $140 Bb4+) 22... dxe4 23. Nxe4 Kf7 (23... Bb4+ 24. Kf1 $16) 24. Rxc6 Rhc8
25. Rc4 $5 $16 (25. Bc4 Nf8 26. Nc5 (26. d5 Bb4+ 27. Ke2 Ne7 $1 28. dxe6+ Ke8
29. Rxa6 $140 Rxa6 30. Bb5+ (30. Bxa6 Rxc7 31. Bb5+ Kd8 32. Rd1+ Kc8 33. Ba6+
Kb8) 30... Rc6) 26... Bxc5 (26... Ra7 27. Bxe6+ (27. Nxe6 Ke8 28. Rxa6) 27...
Nxe6 28. Nxe6) 27. Rxc5 Nd7 $1 28. Rc6 Ra7 29. Bxe6+ (29. d5 Rcxc7 (29... exd5
30. Bxd5+) (29... Raxc7 30. dxe6+ Ke7 31. exd7 Rxc6 32. dxc8=Q Rxc8 33. Bxa6
Rc2 34. Bd3 $16) 30. dxe6+ Ke7 31. Nd4 Nxd4 32. Rxg7+ Kd8 33. Rxc7 Rxc7 34.
Rxh7 Rxc4 35. Rxd7+ Ke8 $11) 29... Ke8 30. Bxf5 (30. Bxd7+ Kxd7 31. Bb6 Rxc6
32. Bxa7 Rc2) 30... Bxf5 31. Rxg7 (31. h6 g5) 31... Rcxc7 (31... Raxc7 32. Rg8+
Nf8 33. Rxf6 Rf7) 32. Rxc7 Rxc7 33. Nh4 Bb1 34. h6 Rc1+ (34... Kf8 35. Kd2) 35.
Kd2 Rh1 (35... Rc2+ 36. Ke3 Rxb2 37. h7 Bxh7 38. Rxh7 Rxa2 39. Nf5 $14) 36. h7
Rxh4 37. Rg8+ Nf8 38. h8=Q Rxh8 39. Rxh8 Bxa2 $11)) 21. h6 $1 {xg7} (21. Bc7
Nd7 22. Na4 Rfc8 23. Nb6 Rxc7 24. Nxa8 Ra7 (24... Rc8 25. Bxa6 Rxa8 26. Rxc6
Bb4+ 27. Ke2 Ne7 28. Rc7 $13) 25. Rxc6 Rxa8 $132) 21... Rfc8 (21... Nd7 22. Bd3
) (21... f6 22. Bc7 $16 (22. hxg7 Rfc8 23. Nd2 c5 $132 (23... Nxg7 $2 24. Bh6
Bf8 25. Bg4 $16))) 22. Bd3 $1 (22. hxg7 c5) 22... g6 23. Ne5 c5 (23... Nh4 $5)
24. dxc5 Rxc5 25. Ke2 (25. Bxf5 $5 exf5 26. Ke2 Rac8 $14) 25... a5 $2 (25...
Nd6 26. Bxg6 fxg6 27. Nxg6 Bxg6 28. Rxg6+ Kf8 29. Rcg1 $18) (25... Nh4 26. e4
$1 f6 (26... d4 27. Nb1) (26... dxe4 27. Bxe4 Rac8 28. Bb7) 27. Be3 $1 fxe5 28.
Bxc5 Bxc5 29. Nxd5 Nd7 (29... Nxd5 30. exd5 Bd4 31. dxe6 Rf8 32. e7 Rxf2+ 33.
Kd1 Kf7 34. Rc8 $18 (34. Rc7 $5)) 30. b4 Bxf2 31. Nc7 $18) (25... d4 26. Bxf5
dxc3 27. Be4 (27. Bxg6 fxg6 28. Nxg6 Bxg6 29. Rxg6+ Kf7 30. Rg7+ Kf6 $13) 27...
Nd5 28. Bxd5 Rxd5 29. Rxc3 Bf6 30. Rgc1 $16) 26. Bxf5 exf5 27. Nd3 Rcc8 (27...
Rc4 28. Nxd5) 28. Be5 $1 $18 Bf8 (28... Bb4 29. Nf4) 29. Bd4 Rcb8 (29... Nd7
30. Nxd5 Rxc1 31. Rxc1 Bxh6 32. Rc7) 30. Nf4 Bxh6 31. Nh5 (31. Nfxd5 Nxd5 32.
Nxd5 Bg7 $16) 31... Nd7 32. Nxd5 Kf8 33. Nhf6 Nxf6 34. Nxf6 Bg8 35. Rh1 Bg5 36.
Nxg8 Rd8 37. Nf6 (37. Rh8) 37... Ke7 38. Rc7+ Ke6 39. Rc6+ Rd6 40. Rxd6+ Kxd6
41. f4 1-0